Progressively Longer TV Show Trios Quiz Stats

 Plays Quiz Updated Apr 8, 2018

Also try: Iconic TV Duos
Challenge
Share
Tweet
Score 0/10 Timer 08:00
1 Play Today
% Correct
Lost, Monk, Glee
88.3%
Scrubs, Dexter, Cheers
87.7%
24, Oz, ER
85.5%
Friends, Charmed, Frasier
78.9%
Bones, Alias, Daria
65%
Seinfeld, Hannibal, Futurama
56%
Entourage, Community, Justified
44.3%
Teletubbies, Workaholics, MythBusters
38%
Smallville, Blackadder, Portlandia
24.9%
ALF, Hex, JAG
17.3%

You're not logged in!

Compare scores with friends on all Sporcle quizzes.
OR
Log In

You Might Also Like...

Show Comments

Extras

Top Quizzes Today


Score Distribution

Your Account Isn't Verified!

In order to create a playlist on Sporcle, you need to verify the email address you used during registration. Go to your Sporcle Settings to finish the process.

Report this User

Report this user for behavior that violates our Community Guidelines.

Details: